BIBLIOTECA

SENCICO

Instalaciones agrícolas / (Registro nro. 1780)

Detalles MARC
000 -LEADER
fixed length control field 01602nam a2200265Ia 4500
003 - CONTROL NUMBER IDENTIFIER
control field PE SENCICO BE
005 - DATE AND TIME OF LATEST TRANSACTION
control field 20260219165814.0
008 - FIXED-LENGTH DATA ELEMENTS--GENERAL INFORMATION
fixed length control field 200515s9999 xx 000 0 und d
020 ## - INTERNATIONAL STANDARD BOOK NUMBER
International Standard Book Number 84-329-2940-9
040 ## - CATALOGING SOURCE
Original cataloging agency PE SENCICO BE
Transcribing agency PE SENCICO BE
041 ## - LANGUAGE CODE
Language code of text/sound track or separate title spa
082 ## - DEWEY DECIMAL CLASSIFICATION NUMBER
Classification number 728.92
Item number M26 1979
100 1# - MAIN ENTRY--PERSONAL NAME
Personal name Martinez Pérez, Luis
9 (RLIN) 127
Relator term autor
245 10 - TITLE STATEMENT
Title Instalaciones agrícolas /
Statement of responsibility, etc. Luis Martinez Pérez
250 ## - EDITION STATEMENT
Edition statement 11a ed.
260 ## - PUBLICATION, DISTRIBUTION, ETC.
Place of publication, distribution, etc. Barcelona :
Name of publisher, distributor, etc. ediciones CEAC :
Date of publication, distribution, etc. 1979
300 ## - PHYSICAL DESCRIPTION
Extent 201 páginas :
Other physical details ilustraciones, diagramas ;
Dimensions 21 cm.
490 ## - SERIES STATEMENT
Series statement Monografías CEAC de Construcción
505 0# - FORMATTED CONTENTS NOTE
Formatted contents note La vivienda rural y sus dependencias: vivienda y dependencias agrícolas de una planta -- Vivienda de una planta y dependencias agrícolas en una y dos plantas -- Vivienda de una planta y dependencias agrícolas en una y dos plantas -- Vivienda de dos plantas y dependencias agrícolas en una planta -- Las dependencias agrícolas según la clase de ganado -- Las dependencias agrícolas de servicios: captación y abastecimiento de aguas -- Estercoleros -- Incubadoras -- Silos -- Saneamiento -- Acueductos -- Ejemplos de dependencias: porquerizas -- edificaciones precisas en las granjas avícolas -- Establos -- Apriscos -- Construcciones rurales especiales
520 3# - SUMMARY, ETC.
Summary, etc. Difusión de conocimientos constructivos en las aplicaciones agrícola-ganadera, con la finalidad de conseguir unas edificaciones mas higiénicas en el ambiente rural
650 10 - SUBJECT ADDED ENTRY--TOPICAL TERM
Topical term or geographic name entry element Viviendas rurales
9 (RLIN) 352
650 20 - SUBJECT ADDED ENTRY--TOPICAL TERM
Topical term or geographic name entry element Construcciones rurales
9 (RLIN) 353
650 20 - SUBJECT ADDED ENTRY--TOPICAL TERM
Topical term or geographic name entry element Establos
9 (RLIN) 354
942 ## - ADDED ENTRY ELEMENTS (KOHA)
Koha item type Libros
Source of classification or shelving scheme Dewey Decimal Classification
Existencias
Fecha de la última vez que lo usaron Número de ingreso o de inventario Pago total Signatura topográfica completa Código de barras Tipo de documento Estado perdido Sistema de clasificación Estado dañado No es para préstamo Retirado Ubicación permanente Ubicación actual Fecha de adquisición Número de ejemplar Precio efectivo desde
03/12/2025     728.92/M26/1979 BibZareq25122532 Libros   Dewey Decimal Classification       Biblioteca Arequipa Biblioteca Arequipa 03/12/2025   03/12/2025
15/05/2020 1625   728.92/M26/1979 BibLima25122530 Libros   Dewey Decimal Classification       Biblioteca Central Lima Biblioteca Central Lima 29/10/1982    
03/12/2025 1624   728.982/M26/1979/ej. 2 BibLima25122531 Libros   Dewey Decimal Classification       Biblioteca Central Lima Biblioteca Central Lima 29/10/1982 2